Name a Border of Every European Country - Statistics

General Stats
  • This quiz has been taken 49,461 times
  • The average score is 41 of 43
Answer Stats
Country Borders % Correct
Austria
99%
Belgium
99%
France
99%
Germany
99%
Belarus
98%
Finland
98%
Ireland
98%
Italy
98%
Andorra
97%
Bosnia and Herzegovina
97%
Croatia
97%
Czech Republic
97%
Estonia
97%
Greece
97%
Latvia
97%
Norway
97%
Poland
97%
Portugal
97%
Russia
97%
Albania
96%
Bulgaria
96%
Denmark
96%
Hungary
96%
Lithuania
96%
Luxembourg
96%
Netherlands
96%
Kosovo
95%
North Macedonia
95%
Monaco
95%
Romania
95%
San Marino
95%
Spain
95%
Serbia
94%
Sweden
94%
Switzerland
94%
Ukraine
94%
United Kingdom
94%
Liechtenstein
93%
Montenegro
93%
Vatican City
93%
Moldova
92%
Slovakia
92%
Slovenia
91%
No matching quizzes found
Score Distribution
Percent of People with Each Score
Percentile by Number Answered
Your Score History
You have not taken this quiz